Jantipa : ¿el gran amor de Sócrates? /

Salvato in:
Dettagli Bibliografici
Autore principale: Sarmiento, María Elena (autor)
Natura: Libro
Lingua:spagnolo
Pubblicazione: México : Ediciones B, 2010, c2010
Serie:(Novela Vergara)
Soggetti:
Tags: Aggiungi Tag
Nessun Tag, puoi essere il primo ad aggiungerne!!

MARC

LEADER 00000nam^a2200000^a^4500
001 000305951
005 20250521000000.0
009 20260310112804.324
020 |a 978-607-480-096-8 
037 |a Acervo ITESO - Biblioteca 
041 |a ESP 
082 |a 863.  |b SAR 
100 |a Sarmiento, María Elena  |e (autor) 
245 1 0 |a Jantipa :  |b ¿el gran amor de Sócrates? /  |c M.E. Sarmiento. 
264 4 |a México :  |b Ediciones B,  |c 2010, c2010 
300 |a 268 p. 
336 |a texto  |b txt  |2 rdacontenido 
337 |a sin mediación  |b n  |2 rdamedio 
338 |a volumen  |b nc  |2 rdasoporte 
440 1 |a (Novela Vergara) 
649 |a XX 
650 |a Novela Mexicana 
650 |a Literatura Mexicana -  |y Siglo XXI 
650 |a Literatura de Mujeres -  |z México 
650 |a Sócrates 
910 |a Fondo General 
920 |a Impresos - Libros 
930 |a Colección General 
940 |a Literatura 
905 |a 101 
901 |a 0500191918  |b IT1  |c LIT  |i C125646  |u 20250521 
902 |a https://opac.biblio.iteso.mx/vufind/Record/000305951